Technologické inovácie v službách diplomová práca

Saved in:
Bibliographic Details
Main Author: Polák, Dávid
Corporate Author: Obchodná fakulta EU. Katedra služieb a cestovného ruchu - zrušené
Other Authors: Benešová, Dana, 1958-
Format: Book
Language:Slovak
Published: Bratislava 2017
Tags: Add Tag
No Tags, Be the first to tag this record!

MARC

LEADER 00000nbm a2200000 4500
001 0230833
005 20170814113201.6
041 0 |a slo 
044 |a SK 
245 1 0 |a Technologické inovácie v službách  |b diplomová práca  |c Dávid Polák ; školiteľ: Dana Benešová 
264 1 |a Bratislava  |c 2017 
300 |a 61 s. 
100 1 |a Polák, Dávid 
700 1 |a Benešová, Dana, 1958- 
710 2 |a Obchodná fakulta EU. Katedra služieb a cestovného ruchu - zrušené